<?xml version="1.0" encoding="UTF-8"?><?xml-stylesheet type="text/xsl" href="static/style.xsl"?><OAI-PMH xmlns="http://www.openarchives.org/OAI/2.0/" xmlns:xsi="http://www.w3.org/2001/XMLSchema-instance" xsi:schemaLocation="http://www.openarchives.org/OAI/2.0/ http://www.openarchives.org/OAI/2.0/OAI-PMH.xsd"><responseDate>2026-04-17T07:59:11Z</responseDate><request verb="GetRecord" identifier="oai:www.recercat.cat:10256/26514" metadataPrefix="marc">https://recercat.cat/oai/request</request><GetRecord><record><header><identifier>oai:recercat.cat:10256/26514</identifier><datestamp>2025-03-05T11:37:41Z</datestamp><setSpec>com_2072_452955</setSpec><setSpec>com_2072_2054</setSpec><setSpec>col_2072_453072</setSpec></header><metadata><record xmlns="http://www.loc.gov/MARC21/slim" xmlns:dcterms="http://purl.org/dc/terms/" xmlns:xsi="http://www.w3.org/2001/XMLSchema-instance" xmlns:doc="http://www.lyncode.com/xoai" xsi:schemaLocation="http://www.loc.gov/MARC21/slim http://www.loc.gov/standards/marcxml/schema/MARC21slim.xsd">
   <leader>00925njm 22002777a 4500</leader>
   <datafield ind2=" " ind1=" " tag="042">
      <subfield code="a">dc</subfield>
   </datafield>
   <datafield ind2=" " ind1=" " tag="720">
      <subfield code="a">Pla Comas, Glòria</subfield>
      <subfield code="e">author</subfield>
   </datafield>
   <datafield ind2=" " ind1=" " tag="720">
      <subfield code="a">Devesa, Alexandra</subfield>
      <subfield code="e">author</subfield>
   </datafield>
   <datafield ind2=" " ind1=" " tag="720">
      <subfield code="a">Turró Garriga, Oriol</subfield>
      <subfield code="e">author</subfield>
   </datafield>
   <datafield ind2=" " ind1=" " tag="720">
      <subfield code="a">Monreal i Bosch, Pilar</subfield>
      <subfield code="e">author</subfield>
   </datafield>
   <datafield ind2=" " ind1=" " tag="260">
      <subfield code="c">2025-02-05</subfield>
   </datafield>
   <datafield ind2=" " ind1=" " tag="520">
      <subfield code="a">From professional practice, the need to delve into the mistreatment of older people arises, with the conviction that a community-based and comprehensive intervention is the optimal model to guarantee their rights and well-being. Based on this need, the Regional Table against Mistreatment is created, evolving into the Table for the Rights of Older People. This evolution involves a change in the model and a proposal based on promoting a community network and action to facilitate the detection of mistreatment situations; fostering societal awareness to address the social image of aging, based on prejudices that can justify mistreatment; and creating a barrier against poor treatment. With a focus on human rights to advance towards a fairer society, the aim is to create communities where people can live and age with dignity</subfield>
   </datafield>
   <datafield ind2=" " ind1=" " tag="520">
      <subfield code="a">Da prática profissional surge a necessidade de aprofundar os abusos contra os idosos, com a convicção de que&#xd;
uma intervenção comunitária e integral é o modelo ideal para garantir os seus direitos e um bom tratamento. A&#xd;
partir desta necessidade foi criada a Mesa Regional contra os abusos, que evoluiu para a Mesa dos direitos dos&#xd;
idosos. Esta evolução implica uma mudança de foco no modelo e uma proposta baseada em: promover uma ação&#xd;
em rede e comunitária que facilite a deteção de situações de abuso; promover uma abordagem de sensibilização&#xd;
da sociedade para influenciar a imagem social do envelhecimento, baseada em preconceitos que possam justificar&#xd;
abusos; e uma barreira a um bom tratamento. Ao aumentar a consciencialização sobre os direitos humanos para&#xd;
avançarmos em direcção a uma sociedade mais justa, cabe-nos a nós criar comunidades onde possamos viver e&#xd;
envelhecer com dignidade</subfield>
   </datafield>
   <datafield ind2=" " ind1=" " tag="520">
      <subfield code="a">Desde la práctica profesional, surge la necesidad de profundizar en los malos tratos a las personas mayores, con&#xd;
el convencimiento de que una intervención comunitaria e integral es el modelo óptimo para garantizar sus&#xd;
derechos y el buen trato. A partir de esta necesidad se crea la Mesa Comarcal contra los malos tratos, que&#xd;
evoluciona a la Mesa para los derechos de las personas mayores. Esta evolución implica un cambio de enfoque&#xd;
en el modelo y una propuesta basada en: promover una red y acción comunitaria que facilite la detección de&#xd;
situaciones de maltrato; fomentar una mirada de sensibilización a la sociedad para incidir en la imagen social del&#xd;
envejecimiento, basada en prejuicios que pueden justificar el maltrato; y una barrera para el buen trato. En una&#xd;
concienciación respecto a los derechos humanos para avanzar hacia una sociedad más justa, nos atañe crear&#xd;
comunidades donde vivir y envejecer con dignidad</subfield>
   </datafield>
   <datafield ind1="8" ind2=" " tag="024">
      <subfield code="a">http://hdl.handle.net/10256/26514</subfield>
   </datafield>
   <datafield tag="653" ind2=" " ind1=" ">
      <subfield code="a">Drets humans</subfield>
   </datafield>
   <datafield tag="653" ind2=" " ind1=" ">
      <subfield code="a">Treball social comunitari</subfield>
   </datafield>
   <datafield tag="653" ind2=" " ind1=" ">
      <subfield code="a">Human rights</subfield>
   </datafield>
   <datafield tag="653" ind2=" " ind1=" ">
      <subfield code="a">Community organization</subfield>
   </datafield>
   <datafield tag="653" ind2=" " ind1=" ">
      <subfield code="a">Persones grans -- Maltractament</subfield>
   </datafield>
   <datafield tag="653" ind2=" " ind1=" ">
      <subfield code="a">Older people -- Abuse of</subfield>
   </datafield>
   <datafield ind2="0" ind1="0" tag="245">
      <subfield code="a">Modelo territorial de comunidade e cuidado integral dos maus tratos a idosos = Territorial model of community and integral care for the abuse of elderly people = Modelo territorial de atención Comunitaria e Integral a los Malos Tratos a las personas mayores</subfield>
   </datafield>
</record></metadata></record></GetRecord></OAI-PMH>